| 000 | 00617nam a22001937a 4500 | ||
|---|---|---|---|
| 003 | OSt | ||
| 005 | 20251106013918.0 | ||
| 008 | 251106b |||||||| |||| 00| 0 eng d | ||
| 020 | _a9786214270149 | ||
| 040 |
_aDWCL-Main lib _cOC |
||
| 082 | _aFil. 690 T673c 2018 | ||
| 100 | _aTopacio, Anjerich J. | ||
| 245 |
_aConstruction materials and testing: _blaboratory manual/ |
||
| 260 |
_aManila, Philippines : _bUnlimited services & publishing inc., _cc2018. |
||
| 300 |
_avi, 149 pages : _b illustrations ; _c27cm. |
||
| 650 | _a1. Building | ||
| 650 | _a2. Building materials | ||
| 942 |
_2ddc _cBK - FIL _kFil. _n0 |
||
| 999 |
_c5530 _d5530 |
||